Media as a battlefield : (Record no. 5877)

MARC details
000 -LEADER
fixed length control field 01552nam a22003377i 4500
003 - CONTROL NUMBER IDENTIFIER
control field URS
005 - DATE AND TIME OF LATEST TRANSACTION
control field 20220117150801.0
008 - FIXED-LENGTH DATA ELEMENTS--GENERAL INFORMATION
fixed length control field 170913b xxu||||| |||| 00| 0 eng d
020 ## - INTERNATIONAL STANDARD BOOK NUMBER
International Standard Book Number 9718502122
040 ## - CATALOGING SOURCE
Original cataloging agency DML
Description conventions rda
Transcribing agency DML
Modifying agency URS
Language of cataloging eng
041 ## - LANGUAGE CODE
Language code of text/sound track or separate title eng
042 ## - AUTHENTICATION CODE
Authentication code DMLUC
050 14 - LIBRARY OF CONGRESS CALL NUMBER
Classification number DS 79.76
Item number .M4681 2003
245 00 - TITLE STATEMENT
Title Media as a battlefield :
Remainder of title coverage of the war in Iraq /
Statement of responsibility, etc. edited by Florangel Rosario-Braid and Ramon R. Tuazon ; [organized by] Philippine Communication Centrum Foundation and Asian Institute of Journalism and Communication in cooperation with UNESCO National Commission of the Philippines and [supported by] Friedrich Naumann Stiftung.
246 30 - VARYING FORM OF TITLE
Title proper/short title Coverage of the war in Iraq.
264 #1 - PRODUCTION, PUBLICATION, DISTRIBUTION, MANUFACTURE, AND COPYRIGHT NOTICE
Place of production, publication, distribution, manufacture Metro Manila :
Name of producer, publisher, distributor, manufacturer Philippine Communication Centrum Foundation,
Date of production, publication, distribution, manufacture, or copyright notice [2003]
264 #4 - PRODUCTION, PUBLICATION, DISTRIBUTION, MANUFACTURE, AND COPYRIGHT NOTICE
Date of production, publication, distribution, manufacture, or copyright notice ©2003.
300 ## - PHYSICAL DESCRIPTION
Extent x, 172 pages ;
Dimensions 23 cm
336 ## - CONTENT TYPE
Source rdacontent
Content type term text
337 ## - MEDIA TYPE
Source rdamedia
Media type term unmediated
338 ## - CARRIER TYPE
Source rdacarrier
Carrier type term volume
524 ## - PREFERRED CITATION OF DESCRIBED MATERIALS NOTE
Preferred citation of described materials note Tuazon, R. R. and Braid, F. R. (2003). Media as a battlefield : coverage of the war in Iraq. Metro Manila : Philippine Communication Centrum Foundation.
650 #0 - SUBJECT ADDED ENTRY--TOPICAL TERM
Topical term or geographic name entry element Iraq War, 2003-
General subdivision Press coverage
Form subdivision Congresses.
650 #0 - SUBJECT ADDED ENTRY--TOPICAL TERM
Topical term or geographic name entry element Iraq War, 2003-
General subdivision Mass media and the war
Form subdivision Congresses.
700 1# - ADDED ENTRY--PERSONAL NAME
Personal name Tuazon, Ramon R.
Relator term editor
700 1# - ADDED ENTRY--PERSONAL NAME
Personal name Braid, Florangel Rosario-
Relator term ditor
710 ## - ADDED ENTRY--CORPORATE NAME
Corporate name or jurisdiction name as entry element Unesco.
Subordinate unit National Commission of the Philippines.
710 ## - ADDED ENTRY--CORPORATE NAME
Corporate name or jurisdiction name as entry element Asian Institute of Journalism and Communication.
710 ## - ADDED ENTRY--CORPORATE NAME
Corporate name or jurisdiction name as entry element Philippine Communication Centrum Foundation.
942 ## - ADDED ENTRY ELEMENTS (KOHA)
Source of classification or shelving scheme Library of Congress Classification
Koha item type Filipiniana
Holdings
Withdrawn status Source of classification or shelving scheme Damaged status Not for loan Collection code Home library Current library Shelving location Date acquired Total Checkouts Full call number Barcode Date last seen Price effective from Koha item type
  Library of Congress Classification     Non-fiction Tanay College Library Tanay College Library General Stacks 09/13/2017   DS79.76 .M4681 2003 URSTAN-N2312 09/13/2017 09/13/2017 Filipiniana
  Library of Congress Classification     Non-fiction Tanay College Library Tanay College Library General Stacks 09/13/2017   DS79.76 .M4681 2003 URSTAN-N2313 09/13/2017 09/13/2017 Filipiniana

University of Rizal System
Email us at univlibservices@urs.edu.ph

Visit our Website www.urs.edu.ph/library